000 00686nam a2200217 a 4500
001 000020864
005 20240412074249.0
008 100819s2006 dr r 001 p spa d
020 _a9945405683
040 _aDO-SdBNP
_bspa
_cBNPHU
082 _aRD861.44
_bR595p
100 1 _aRisco Bermúdez, René del,
_d1937-1972
_912315
245 1 0 _aPoesías y cuentos /
_cRené del Risco Bermúdez.
260 _aSanto Domingo :
_bManatí,
_c2006.
300 _a132 p. :
_bil. ;
_c21 cm.
590 _aInventariado, 2018/BT
650 0 _aPoesía dominicana
_966
650 0 _aCuentos dominicanos
_9176
650 0 _aLiteratura dominicana.
_967
910 _aValidado. Control de calidad. MMOLINA
999 _c20367
_d20367